Loading...
| Philosophy | 0 | 7 | 1 | 0 | 65 | 84 | 120.14 | 0 | 1 |
| History - Other History | 0 | 7 | 1 | 2 | 65 | 87 | 120.29 | 0 | 1 |
| History - European History | 0 | 5 | 0 | 0 | 50 | 67 | 94.60 | 1 | 1 |
| History - American History | 0 | 5 | 1 | 1 | 45 | 101 | 119.00 | 0 | 0 |
| Literature - British Literature | 0 | 4 | 0 | 0 | 40 | 33 | 88.25 | 2 | 3 |
| Social Science | 0 | 3 | 0 | 1 | 30 | 112 | 130.00 | 0 | 0 |
| Literature - European Literature | 0 | 3 | 0 | 0 | 30 | 88 | 114.33 | 0 | 0 |
| Religion | 0 | 3 | 2 | 0 | 20 | 100 | 114.67 | 0 | 0 |
| Fine Arts - Painting & Sculpture | 0 | 2 | 0 | 0 | 20 | 112 | 131.00 | 0 | 0 |
| Fine Arts - Other Fine Arts | 0 | 2 | 0 | 0 | 20 | 87 | 102.50 | 0 | 0 |
| Current Events | 0 | 2 | 0 | 0 | 20 | 87 | 94.00 | 0 | 0 |
| Geography | 0 | 1 | 0 | 0 | 10 | 121 | 121.00 | 0 | 0 |
| Literature - American Literature | 0 | 1 | 0 | 0 | 10 | 100 | 100.00 | 0 | 0 |
| Other Academic | 0 | 1 | 0 | 1 | 10 | 149 | 149.00 | 0 | 0 |
| Science - Biology | 0 | 1 | 0 | 0 | 10 | 126 | 126.00 | 0 | 0 |
| Science - Other Science | 0 | 1 | 0 | 1 | 10 | 135 | 135.00 | 0 | 0 |
| Mythology | 0 | 1 | 1 | 0 | 5 | 145 | 145.00 | 0 | 0 |
| History - World History | 0 | 0 | 1 | 0 | -5 | 0.00 | 0 | 0 |